| 000 | 00593 a2200157 4500 | ||
|---|---|---|---|
| 003 | Nust | ||
| 005 | 20170207154215.0 | ||
| 040 | _cNust | ||
| 082 | _a378.4 | ||
| 245 |
_aUni of Bradford _bUni of Bradford |
||
| 260 |
_aBradford _bUni of Bradford _c2001 |
||
| 300 | _a228 p. | ||
| 505 | _aIntroduction (page-4) Degree Courses (Page-12) Life at University (page-154) The City Bradford (Page-184) Admission (page-190) Further Information (page-206) Information for International Students (Page-212) How To Get to Bradford (Page-222) | ||
| 538 | _aAlmirah No. 117 Shelf No. 2 | ||
| 650 | _aUG Prospectus | ||
| 942 |
_2ddc _cBK |
||
| 999 |
_c195059 _d195059 |
||